| 000 | 00588nam a2200265 a 4500 | ||
|---|---|---|---|
| 001 | 3695 | ||
| 005 | 20140414131955.0 | ||
| 008 | 061005s19uu xx 00 eng d | ||
| 020 | _a0-15-320435-4 | ||
| 050 |
_aTR 372.7 _bMa42G1 |
||
| 245 |
_aHarcourt Math : _bpractice workbook. |
||
| 250 | _apupil edition | ||
| 260 |
_aU. S. A : _bHarcourt. |
||
| 300 | _a145 p. ; cm. | ||
| 999 |
_c112893 _d112893 |
||